Применение географических информационых систем в задачах оптимизации выбора маршрута, мониторинга и прогнозирования движения пассажирского транспорта; Молодежь и современные информационные технологии; Т. 2

Bibliographische Detailangaben
Parent link:Молодежь и современные информационные технологии: сборник трудов XII Всероссийской научно-практической конференции студентов, аспирантов и молодых ученых, г. Томск, 12-14 ноября 2014 г./ Национальный исследовательский Томский политехнический университет (ТПУ), Институт кибернетики (ИК) ; ред. кол. Е. А. Сикора [и др.].— , 2014
Т. 2.— 2014.— [С. 30-31]
1. Verfasser: Тлеубаев И. С.
Körperschaft: Национальный исследовательский Томский политехнический университет (ТПУ) Институт кибернетики (ИК) Кафедра автоматики и компьютерных систем (АИКС)
Weitere Verfasser: Фадеев А. С. Александр Сергеевич (научный руководитель)
Zusammenfassung:Заглавие с титульного экрана
Sprache:Russisch
Veröffentlicht: 2014
Schriftenreihe:Информационные технологии в производстве и управлении
Schlagworte:
Online-Zugang:http://earchive.tpu.ru/handle/11683/20208
http://www.lib.tpu.ru/fulltext/c/2014/C04/V2/009.pdf
Format: Elektronisch Buchkapitel
KOHA link:https://koha.lib.tpu.ru/cgi-bin/koha/opac-detail.pl?biblionumber=610748

MARC

LEADER 00000naa2a2200000 4500
001 610748
005 20260429141145.0
035 |a (RuTPU)RU\TPU\conf\8381 
035 |a RU\TPU\conf\8379 
090 |a 610748 
100 |a 20150204d2014 k y0rusy50 ca 
101 0 |a rus 
102 |a RU 
135 |a drgn ---uucaa 
181 0 |a i  
182 0 |a b 
200 1 |a Применение географических информационых систем в задачах оптимизации выбора маршрута, мониторинга и прогнозирования движения пассажирского транспорта  |f И. С. Тлеубаев  |g науч. рук. А. С. Фадеев 
203 |a Текст  |c электронный 
225 1 |a Информационные технологии в производстве и управлении 
300 |a Заглавие с титульного экрана 
320 |a [Библиогр.: с. 31 (3 назв.)] 
337 |a Adobe Reader 
461 1 |0 (RuTPU)RU\TPU\conf\7802  |t Молодежь и современные информационные технологии  |o сборник трудов XII Всероссийской научно-практической конференции студентов, аспирантов и молодых ученых, г. Томск, 12-14 ноября 2014 г.  |o в 2 т.  |f Национальный исследовательский Томский политехнический университет (ТПУ), Институт кибернетики (ИК) ; ред. кол. Е. А. Сикора [и др.]  |d 2014 
463 0 |0 (RuTPU)RU\TPU\conf\7813  |t Т. 2  |v [С. 30-31]  |d 2014 
610 1 |a труды учёных ТПУ 
610 1 |a электронный ресурс 
610 1 |a географические системы 
610 1 |a информационные системы 
610 1 |a оптимизация 
610 1 |a маршруты 
610 1 |a мониторинг 
610 1 |a прогнозирование 
610 1 |a движения 
610 1 |a транспорт 
610 1 |a пассажирский транспорт 
700 1 |a Тлеубаев  |b И. С. 
702 1 |a Фадеев  |b А. С.  |c специалист в области автоматики и компьютерных систем  |c доцент Томского политехнического университета, кандидат технических наук  |f 1981-  |g Александр Сергеевич  |4 727 
712 0 2 |a Национальный исследовательский Томский политехнический университет (ТПУ)  |b Институт кибернетики (ИК)  |b Кафедра автоматики и компьютерных систем (АИКС)  |3 (RuTPU)RU\TPU\col\18698 
801 2 |a RU  |b 63413507  |c 20210322  |g RCR 
856 4 |u http://earchive.tpu.ru/handle/11683/20208 
856 4 |u http://www.lib.tpu.ru/fulltext/c/2014/C04/V2/009.pdf 
942 |c BK